Nutné zlo /

Hlavní autor: Dun, David, 1949-
Další autoři: Suderová, Milada
Jazyk: Čeština
Vydáno: Ostrava : Domino, 2002
Vydání: Vyd. 1.
Témata:
6 4
Externí odkaz: Digitalizovaný dokument
Fyzický popis: 287 s. ; 21 cm
Knihy
Uloženo v:
LEADER 01218nam a2200337 a 4500
001 000642470
003 CZ BrMZK
005 20180709070624.0
007 ta
008 021216s2002 xr e cze d
015 |a cnb001183152 
020 |a 80-7303-091-8  |q (váz.) :  |c Kč 199.00 
040 |a LIA001  |b cze  |c BOA001 
041 1 |a cze  |h eng 
080 |a 821.111(73)-31  |2 MRF 
080 |a (0:82-312.4)  |2 MRF 
100 1 |a Dun, David,  |d 1949-  |7 xx0225052  |4 aut 
245 1 0 |a Nutné zlo /  |c David Dun ; [z anglického originálu přeložila Milada Suderová] 
250 |a Vyd. 1. 
260 |a Ostrava :  |b Domino,  |c 2002 
300 |a 287 s. ;  |c 21 cm 
500 |a Dostupné též v digitální podobě v aplikaci Kramerius 
655 7 |a americké romány  |7 fd131796  |2 czenas 
655 7 |a thrillery (romány)  |7 fd184206  |2 czenas 
700 1 |a Suderová, Milada  |7 jn20010309284  |4 trl 
765 0 |t Necessary evil  |9 Česky 
856 4 1 |u http://www.digitalniknihovna.cz/mzk/uuid/uuid:213ddc20-8373-11e8-9690-005056827e51  |y Digitalizovaný dokument  |x NDK 
910 |a BOA001  |b 2-1108.714 
967 |a 6  |b 4 
990 |a BK 
996 6 |b 2610177384  |c 2-1108.714  |l MZK  |r Sklad / do 1 hodiny  |n 3  |p p.v.  |w 000642470  |u 000010  |a 1  |e BOA001  |j MZK50  |s P